000 01265nam a22003975a 4500
001 22776
003 SK-KTurca
005 20260423130754.0
008 251031s2009 xr oa f 001 0 slo
015 _aSNBZSA2011-00724
020 _a9788073606725
_q(viaz.)
035 _aurn:nbn:sk:snk-am00djst
035 _aurn:nbn:sk:snk-am3i4in
035 _a041305D6-9E7D-4094-9FCC-6ACE6B2C3733
040 _aSNK
_bslo
_cSNK
_eAACR2
041 1 _aslo
_hcze
043 _ae-xr---
044 _axr
_cCZ
072 7 _a58
_xBotanika
_2konspekt
080 _a582.282/.284
_x(437.3)
_x(084.42)
_22001
080 _a581.9
_22001
100 1 _aSmotlacha, Miroslav,
_d1920-2007
_4aut
240 1 0 _aKapesní atlas hub
_lSlovensky
245 1 0 _aVreckový atlas húb
_cMiroslav Smotlacha ; [fotografie] Marie a Josef Erhartovi ; preložil Vladimír Babnič]
246 3 0 _aAtlas hub
260 _aPraha
_bOttovo nakladatelství
_c2009
300 _a304 s.
_bilustr. (prevažne fareb.)
_c15 cm
500 _aReg.
650 0 7 _ahuby
_2snkph
650 0 7 _aflóra
_zČesko
_2snkph
655 7 _aatlasy
_2snkph
700 1 _aErhartová, Marie,
_d1937-
_4pht
700 1 _aErhart, Josef,
_d1923-2009
_4pht
700 1 _aBabnič, Vladimír,
_d1926-2011
_4trl
942 _2ddc
_cOLDO
_n0
999 _c22776
_d22776